Urban spaces in contemporary China : the potential for autonomy and community in post-Mao China

Αποθηκεύτηκε σε:
Λεπτομέρειες βιβλιογραφικής εγγραφής
Άλλοι συγγραφείς: Davis, Deborah 1945- (Επιμελητής έκδοσης)
Μορφή: Βιβλίο
Γλώσσα:English
Δημοσίευση: Cambridge : Cambridge University Press, c1995
Σειρά:Woodrow Wilson Center series
Θέματα:
Ετικέτες: Προσθήκη ετικέτας
Δεν υπάρχουν, Καταχωρήστε ετικέτα πρώτοι!

MARC

LEADER 00000nam a2200000 i 4500
001 1/103404
008 000301s1995 eng d
020 |a 0-521-47943-6 
035 |l 10058452 
040 |a GR-MY-UA  |b gre  |e aacr 
041 0 |a eng 
082 0 |a 307.670951 
245 1 0 |a Urban spaces in contemporary China :  |b the potential for autonomy and community in post-Mao China /  |c edited by Deborah S. Davis ...[et al.] 
260 |a Cambridge :   |b Cambridge University Press,   |c c1995 
300 |a 449 p. 
490 1 |a Woodrow Wilson Center series 
504 |a Includes index 
650 0 0 |a Cities and towns  |z China. 
650 0 0 |a City and town life  |z China. 
650 0 0 |a Urbanization  |z China. 
700 1 |a Davis, Deborah  |d 1945-  |4 edt 
830 0 |a Woodrow Wilson Center series 
852 |a INST  |b LESVOS  |e 20000301  |h 307.670951 URB  |p 005100020669  |q 005100020669  |t BK  |y 0 
901 |a BIBL1-2000-1 
909 |a Λ  |b 074873 
922 |a 1ΕΛΗ  |b 200001  |c ΚΠΣ/ΤΚ  |d GLORY 
950 |a 103-1999-12-08 
970 |a ΤΖΑΦΕΡΗ  |b ΕΥΑΓΓΕΛΙΑ  |z 2000/03/22